| 000 | 00729cam a22001814a 4500 | ||
|---|---|---|---|
| 005 | 20250605164143.0 | ||
| 008 | 250528s ||||||||||||||||||||||||d | ||
| 035 | _a19036 | ||
| 040 |
_aGR-AtMCL _bgre _dGR-AtMCL _eAACR2 |
||
| 245 | 1 | _aΧρυσός Οδηγός Εκθέσεων / Για τις Α', Β' και Γ' Τάξεις του Γυμνασίου | |
| 300 | _a232 | ||
| 520 | _aΤέχνη και Τεχνική των Εκθέσεων, 100 Μεθοδικά ''Γυμνάσματα Εκθέσεων'', 120 Υποδειγματικές Εκθέσεις, 400 Ρήτα και Γνωμικά. | ||
| 700 | 1 |
_aΡέβελας Γιάννης _95310 |
|
| 942 | _cBK | ||
| 260 | _bΑθήνα | ||
| 999 |
_c4321 _d4321 |
||